Quiz chansons corse - Statistiques

Statistiques générales
  • Ce quiz a été pris 62 fois
  • Le résultat moyen est 7 sur 15
Statistiques - réponses
Hint Réponse % Correct
«L'Isula a turchina face chjam'è rispondi » U celu di balagna
80%
« S'hà d'adunisce la ghjente, per un abbracciu cumunu » Catena
63%
« In lettere di focu à lu mese di maghju » Sò elli
63%
« È in pettu portu dolu, di più d’un bon figliolu » Resistenza
57%
« Ma l'hanu chjosi per l'eternità » Per a libertà
50%
«Luntanu da e catene di e prigione » Ella
47%
« Imbalsamati di vapori » U mare di china
47%
« O terra di tanti strazzi » Cuscenza
43%
« A vera hà ammazzatu a nostra vechja razza » Sucietà
43%
« Ci hè chì trà Borgu è Sant’Anna, ci sò nati pienti è affanni » Sartè
37%
« Ti chjamonu terrurista, purtendu torna la guerra » L’alma viva
33%
« Per una terra ch'un vole more » Scrivu à tè
27%
« Lu richjarghi lu to core, è t'anneghi d'allegria. » U mio cantu
27%
« Quandu ci hè la ghjente fore, un cunnoscu e to stonde » Attila
17%
« Chì di rabbia cumpone per ogni indipendenza » Lotte
17%
Aucun quiz correspondant
Distribution des résultats
% des personnes avec chaque résultat
Percentile par nombre de réponses
Votre historique - résultats
Vous n’avez pas pris ce quiz